<?xml version="1.0" encoding="UTF-8"?>
<record
    xmlns:xsi="http://www.w3.org/2001/XMLSchema-instance"
    xsi:schemaLocation="http://www.loc.gov/MARC21/slim http://www.loc.gov/standards/marcxml/schema/MARC21slim.xsd"
    xmlns="http://www.loc.gov/MARC21/slim">

  <leader>00753nam a22001337a 4500</leader>
  <datafield tag="040" ind1=" " ind2=" ">
    <subfield code="c">RUA</subfield>
  </datafield>
  <datafield tag="082" ind1=" " ind2=" ">
    <subfield code="a">AGR OM 2020  B1-490 Or.</subfield>
  </datafield>
  <datafield tag="100" ind1=" " ind2=" ">
    <subfield code="a">OM SOVANNY &#x17A2;&#x17CA;&#x17BB;&#x17C6; &#x179F;&#x17BB;&#x179C;&#x1793;&#x17D2;&#x1793;&#x17B8;</subfield>
  </datafield>
  <datafield tag="245" ind1=" " ind2=" ">
    <subfield code="a">NITROGEN AND IRRIGATION UTILIZATION ON POK CHOY (Brassica chinensis) PRODUCTION UNDER HIGH TUNNEL CONDITION ON LOAMY SOIL TEXTUER &#x1780;&#x17B6;&#x179A;&#x1794;&#x17D2;&#x179A;&#x17BE;&#x1794;&#x17D2;&#x179A;&#x17B6;&#x179F;&#x17CB;&#x17A2;&#x17B6;&#x179F;&#x17BC;&#x178F; &#x1793;&#x17B7;&#x1784;&#x1780;&#x17B6;&#x179A;&#x179F;&#x17D2;&#x179A;&#x17C4;&#x1785;&#x179F;&#x17D2;&#x179A;&#x1796;&#x179B;&#x17BE;&#x178A;&#x17C6;&#x178E;&#x17B6;&#x17C6;&#x179F;&#x17D2;&#x1796;&#x17C3;&#x178F;&#x17BF;&#x1780;&#x17D2;&#x179A;&#x17C0;&#x1798;&#x179B;&#x1780;&#x17D2;&#x1781;&#x1781;&#x178E;&#x17D2;&#x178C;&#x1795;&#x17D2;&#x1791;&#x17C7;&#x179F;&#x17C6;&#x178E;&#x17B6;&#x1789;&#x17CB;&#x179B;&#x17BE;&#x178A;&#x17B8;&#x179B;&#x17D2;&#x1794;&#x17B6;&#x1799;</subfield>
  </datafield>
  <datafield tag="260" ind1=" " ind2=" ">
    <subfield code="a">PHNOM PENH</subfield>
    <subfield code="b">RUA</subfield>
    <subfield code="c">2020</subfield>
  </datafield>
  <datafield tag="300" ind1=" " ind2=" ">
    <subfield code="a">IX. 36P</subfield>
    <subfield code="b">VII. </subfield>
    <subfield code="c">29CM</subfield>
  </datafield>
  <datafield tag="856" ind1=" " ind2=" ">
    <subfield code="u">https://drive.google.com/file/d/1KV2oTr6CbEc-w68rwZlejxi9FgPfDlmH/view?usp=sharing</subfield>
  </datafield>
  <datafield tag="942" ind1=" " ind2=" ">
    <subfield code="c">AGR</subfield>
  </datafield>
  <datafield tag="999" ind1=" " ind2=" ">
    <subfield code="c">23519</subfield>
    <subfield code="d">23519</subfield>
  </datafield>
  <datafield tag="952" ind1=" " ind2=" ">
    <subfield code="0">0</subfield>
    <subfield code="1">0</subfield>
    <subfield code="2">ddc</subfield>
    <subfield code="4">0</subfield>
    <subfield code="6">AGR_OM_2020_000000000000000_B1490_OR_1</subfield>
    <subfield code="7">0</subfield>
    <subfield code="9">100815</subfield>
    <subfield code="a">LBB</subfield>
    <subfield code="b">LBB</subfield>
    <subfield code="c">B1.490</subfield>
    <subfield code="d">2024-08-08</subfield>
    <subfield code="o">AGR OM 2020  B1-490 Or.1</subfield>
    <subfield code="p">a079553</subfield>
    <subfield code="r">2024-08-08</subfield>
    <subfield code="w">2024-08-08</subfield>
    <subfield code="y">AGR</subfield>
  </datafield>
  <datafield tag="952" ind1=" " ind2=" ">
    <subfield code="0">0</subfield>
    <subfield code="1">0</subfield>
    <subfield code="2">ddc</subfield>
    <subfield code="4">0</subfield>
    <subfield code="6">AGR_OM_2020_000000000000000_B1490_OR_2</subfield>
    <subfield code="7">0</subfield>
    <subfield code="9">100816</subfield>
    <subfield code="a">LBB</subfield>
    <subfield code="b">LBB</subfield>
    <subfield code="c">B1.490</subfield>
    <subfield code="d">2024-08-08</subfield>
    <subfield code="o">AGR OM 2020  B1-490 Or.2</subfield>
    <subfield code="p">a080676</subfield>
    <subfield code="r">2024-08-08</subfield>
    <subfield code="w">2024-08-08</subfield>
    <subfield code="y">AGR</subfield>
  </datafield>
  <datafield tag="952" ind1=" " ind2=" ">
    <subfield code="0">0</subfield>
    <subfield code="1">0</subfield>
    <subfield code="2">ddc</subfield>
    <subfield code="4">0</subfield>
    <subfield code="6">AGR_OM_2020_000000000000000_B1490_OR_3</subfield>
    <subfield code="7">0</subfield>
    <subfield code="9">100817</subfield>
    <subfield code="a">LBB</subfield>
    <subfield code="b">LBB</subfield>
    <subfield code="c">B1.490</subfield>
    <subfield code="d">2024-08-08</subfield>
    <subfield code="o">AGR OM 2020  B1-490 Or.3</subfield>
    <subfield code="p">a079633</subfield>
    <subfield code="r">2024-08-08</subfield>
    <subfield code="w">2024-08-08</subfield>
    <subfield code="y">AGR</subfield>
  </datafield>
  <datafield tag="952" ind1=" " ind2=" ">
    <subfield code="0">0</subfield>
    <subfield code="1">0</subfield>
    <subfield code="2">ddc</subfield>
    <subfield code="4">0</subfield>
    <subfield code="6">AGR_OM_2020_000000000000000_B1490_OR_4</subfield>
    <subfield code="7">0</subfield>
    <subfield code="9">100818</subfield>
    <subfield code="a">LBB</subfield>
    <subfield code="b">LBB</subfield>
    <subfield code="c">B1.490</subfield>
    <subfield code="d">2024-08-08</subfield>
    <subfield code="o">AGR OM 2020  B1-490 Or.4</subfield>
    <subfield code="p">a079617</subfield>
    <subfield code="r">2024-08-08</subfield>
    <subfield code="w">2024-08-08</subfield>
    <subfield code="y">AGR</subfield>
  </datafield>
</record>
